00881nac a22002171u 4500010001700000020001500017082001300032090001500045100003400060245008800094250001200182260006400194300002800258500011100286504005100397650003800448700002100486942001500507999001500522952012600537 a 2003068972 a013189509500a337bB18 c1988d1988 aBalaam, David N., 10aIntroduction to international political economy /cDavid N. Balaam, Michael Veseth. a3rd ed. aUpper Saddle River, NJ :bPearson Prentice Hall,2005c2005. axviii, 533 p. ;c24 cm. a"In collaboration with Faculty of the International Political Economy Program, University of Puget Sound." aIncludes bibliographical references and index. 0aInternational economic relations.1 aVeseth, Michael. cBBk337B18 c1988d1988 00104070aMAINbMAINc1STd2006-02-07ePurchasel4m19o337 BALp000002397r2025-07-15 00:00:00s2022-11-23v217.50yBB